Copperbelt University : programmes and admission requirements (Record no. 62499)

MARC details
000 -LEADER
fixed length control field 00765nam a2200157 a 4500
008 - FIXED-LENGTH DATA ELEMENTS--GENERAL INFORMATION
fixed length control field 220728s2003 ||||||||||||||||| || u
050 ## - LIBRARY OF CONGRESS CALL NUMBER
Classification number CBU(02)2003/1
110 ## - MAIN ENTRY--CORPORATE NAME
Corporate name or jurisdiction name as entry element Copperbelt University
245 10 - TITLE STATEMENT
Title Copperbelt University : programmes and admission requirements
Statement of responsibility, etc. By The Copperbelt University(CBU)
260 ## - PUBLICATION, DISTRIBUTION, ETC.
Place of publication, distribution, etc. Kitwe
Name of publisher, distributor, etc. Copperbelt University
Date of publication, distribution, etc. [2003]
300 ## - PHYSICAL DESCRIPTION
Extent 14 pages
650 ## - SUBJECT ADDED ENTRY--TOPICAL TERM
Topical term or geographic name entry element UNIVERSITY AND COLLEGES--ENTRANCE REQUIREMENTS
650 ## - SUBJECT ADDED ENTRY--TOPICAL TERM
Topical term or geographic name entry element UNIVERSITY AND COLLEGES--ADMISSION
995 ## -
-- SPECIAL COLLECTIONS
-- 5002
-- CBU-MAIN LIBRARY (Kitwe)
-- CBU(02)2003/1B
-- 2
-- AVAILABLE
-- Sep 1, 2022
-- B5002
-- University Collection
995 ## -
-- SPECIAL COLLECTIONS
-- 4949
-- CBU-MAIN LIBRARY (Kitwe)
-- CBU(02)2003/1A
-- 1
-- AVAILABLE
-- Jul 28, 2022
-- B4949
-- University Collection
999 ## -
-- 62499
-- 62499
Holdings
Withdrawn status Lost status Source of classification or shelving scheme Damaged status Not for loan Collection code Permanent Location Current Location Shelving location Date acquired Source of acquisition Full call number Barcode Date last seen Copy number Price effective from Koha item type
          Special Collections CBU-MAIN LIBRARY, KITWE. CBU-MAIN LIBRARY, KITWE. Special Collections 12/13/2022 DEP-CBU CBU(02)2003/1B B5002 12/13/2022 2 12/13/2022 UNIVERSITY COLLECTION
          Special Collections CBU-MAIN LIBRARY, KITWE. CBU-MAIN LIBRARY, KITWE. Special Collections 12/13/2022 DEP-CBU CBU(02)2003/1A B4949 12/13/2022 1 12/13/2022 UNIVERSITY COLLECTION